000 00334nam a22001097a 4500
999 _c23762
_d23762
003 Nust
005 20170525113112.0
008 140106b xxu||||| |||| 00| 0 eng d
010 _a95-43962
020 _a0070127506
_cAvailable
040 _cDLC
_aDLC
_bRCMS
082 _22nd, ed.
_a620.0042 IRE
_b002517
100 _aW. Grant Ireson
_91404
245 _aHandbook of Reliability Engineering and Management
250 _a2nd, ed.
260 _aUSA
_bMcGraw-Hill
_cc1996.
300 _axvi, 816 p. :
_bill, ;
_c26 cm.
538 _iShelf # 12, Row # 2, System Engineering
650 _aSystem Engineering
_91402
856 _3Table of Contents Only.
942 _2ddc
_cBK
_k620.0042 IRE